Sự kỳ diệu của sinh học: Loài chim

Đã lưu trong:
书目详细资料
主要作者: David Alderton
格式: 图书
语言:Undetermined
出版: H. Văn Hoá 1997
主题:
标签: 添加标签
没有标签, 成为第一个标记此记录!
Thư viện lưu trữ: Trung tâm Học liệu Trường Đại học Cần Thơ
LEADER 00489nam a2200169Ia 4500
001 CTU_53278
008 210402s9999 xx 000 0 und d
082 |a 598 
082 |b A362 
100 |a David Alderton 
245 0 |a Sự kỳ diệu của sinh học: Loài chim 
245 0 |c David Alderton; Phạm Đình Thắng dịch 
260 |a H. 
260 |b Văn Hoá 
260 |c 1997 
650 |a ornithology,birds 
980 |a Trung tâm Học liệu Trường Đại học Cần Thơ